Statistics for Billy Joel Songs

Click here to take the quiz!

General Stats

  • This quiz has been taken 22 times
  • The average score is 31 of 118

Answer Stats

Answer% Correct
Piano Man
90%
We Didn't Start the Fire
81%
Uptown Girl
81%
New York State of Mind
76%
The Longest Time
71%
My Life
67%
Movin' Out
67%
Keeping the Faith
62%
She's Always a Woman
62%
Only the Good Die Young
62%
Vienna
62%
Scenes From an Italian Restaurant
62%
The Stranger
62%
It's Still Rock and Roll to Me
57%
You May be Right
57%
Tell Her About It
57%
Just the Way You Are
57%
Allentown
57%
Big Shot
57%
The River of Dreams
52%
The Downeaster 'Alexa
52%
Captain Jack
48%
Honesty
48%
All For Leyna
48%
Lullabye
43%
An Innocent Man
43%
Leningrad
43%
Don't Ask me Why
43%
Goodnight Saigon
43%
She's Got a Way
43%
Say Goodbye to Hollywood
43%
Pressure
43%
Scandinavian Skies
38%
The Ballad of Billy the Kid
38%
Storm Front
38%
A Matter of Trust
38%
Laura
33%
And So it Goes
33%
Zanzibar
33%
Everybody Loves You Now
33%
Sometimes a Fantasy
33%
The Entertainer
33%
This is the Time
29%
Leave a Tender Moment Alone
29%
Get it Right the First Time
29%
Shameless
29%
Miami 2017
29%
I've Loved These Days
29%
Prelude/Angry Young Man
29%
Baby Grand
29%
She's Right on Time
24%
I Go to Extremes
24%
When in Rome
24%
The Great Wall of China
24%
Summer, Highland Falls
24%
That's Not Her Style
19%
This Night
19%
Easy Money
19%
Where's the Orchestra
19%
You're My Home
19%
Modern Woman
19%
52nd Street
19%
Everybody Has a Dream/The Stranger (Reprise)
19%
You're Only Human (Second Wind)
14%
Code of Silence
14%
Running On Ice
14%
James
14%
Through the Long Night
14%
The Night Is Still Young
14%
Until the Night
14%
Streetlife Serenader
10%
Getting Closer
10%
Temptation
10%
Big Man on Mulberry Street
10%
Famous Last Words
10%
Stop in Nevada
10%
To Make You Feel My Love
10%
Hey Girl
10%
All About Soul
10%
No Man's Land
10%
Rosalinda's Eyes
10%
Careless Talk
10%
The Mexican Connection
10%
Half a Mile Away
10%
Stiletto
10%
I Don't Want to be Alone
10%
Sleeping With the Television On
10%
C'etait Toi (You Were the One)
10%
All You Wanna Do is Dance
10%
Close to the Borderline
10%
A Room of Our Own
10%
Surprises
10%
Roberta
10%
Souvenir
5%
A Minor Variation
5%
Two Thousand Years
5%
Los Angelenos
5%
Nocturne
5%
Tomorrow is Today
5%
Shades of Grey
5%
State of Grace
5%
Blonde over Blue
5%
Why Judy Why
5%
Root Beer Rag
5%
The Great Suburban Showdown
5%
You Can Make Me Free
0%
Weekend Song
0%
Last of the Big Time Spenders
0%
Somewhere Along the Line
0%
If I Only Had the Words
0%
Worse Comes to Worst
0%
Ain't No Crime
0%
Travelin' Prayer
0%
Got to Begin Again
0%
You Look So Good to Me
0%
Turn Around
0%
Falling of the Rain
0%
Light as the Breeze
0%

Score Distribution

Percentile by Number Answered

Percent of People with Each Score

Your Score History

You have not taken this quiz